000 00536pab a2200193 454500
008 180718b2007 xxu||||| |||| 00| 0 eng d
100 _aBarry, Jim
245 _aWomen's movements and new public management: higher education in Sweden and England
260 _c2007
300 _ap.103-22.
650 _aHigher education
650 _aPublic administration
650 _aWomens liberation movement
700 _aBerg, Elisabeth
700 _aChandler, John
773 _aPublic Administration
908 _aN
909 _a74674
999 _c74674
_d74674